Lập trình hướng đối tượng ( Bài giảng tóm tắt)
Đã lưu trong:
| Tác giả chính: | |
|---|---|
| Tác giả của công ty: | |
| Định dạng: | Sách |
| Được phát hành: |
Đà Lạt
2008
|
| Những chủ đề: | |
| Các nhãn: |
Thêm thẻ
Không có thẻ, Là người đầu tiên thẻ bản ghi này!
|
| Thư viện lưu trữ: | Trung tâm Học liệu Lê Vũ Hùng, Trường Đại học Đồng Tháp |
|---|
| LEADER | 00740pam a22002298a 4500 | ||
|---|---|---|---|
| 001 | 00039363 | ||
| 005 | 20171026081025.0 | ||
| 008 | 170518s2008 ||||||Viesd | ||
| 041 | 0 | # | |a Vie |
| 082 | 1 | 4 | |a 005.1 |b L123TR |
| 100 | 1 | # | |a Phạm Quang Huy |
| 110 | 1 | # | |a Trường Đại học Đà Lạt |
| 245 | 1 | 0 | |a Lập trình hướng đối tượng |b ( Bài giảng tóm tắt) |c Phạm quang Huy |
| 260 | # | # | |a Đà Lạt |c 2008 |
| 300 | # | # | |a 96tr. |c 29 cm |
| 653 | # | # | |a Lập trình |
| 653 | # | # | |a bài giảng |
| 653 | # | # | |a Đối tượng |
| 852 | # | # | |b Kho đọc |j KD.0022078 |
| 852 | # | # | |j KD.0022078 |
| 910 | |d 18/05/2017 | ||
| 980 | # | # | |a Trung tâm Học liệu Lê Vũ Hùng, Trường Đại học Đồng Tháp |